Tome One Piece par image #6 - Statistiques

Statistiques générales
  • Ce quiz a été pris 196 fois
  • Le résultat moyen est 15 sur 16
Statistiques - réponses
Par images Réponse % Correct
8
98%
18
96%
5
96%
22
93%
47
93%
101
92%
48
92%
85
92%
92
92%
49
91%
50
90%
72
89%
90
89%
93
89%
74
88%
80
86%
Aucun quiz correspondant
Distribution des résultats
% des personnes avec chaque résultat
Percentile par nombre de réponses
Votre historique - résultats
Vous n’avez pas pris ce quiz